| 000 | 01037nam a2200229 i 4500 | ||
|---|---|---|---|
| 001 | 89675 | ||
| 003 | ES-MaACL | ||
| 005 | 20250307094647.0 | ||
| 007 | t| | ||
| 008 | 050112s1942 sp |||| | spa d | ||
| 100 | 1 |
_aLasso de la Vega Jiménez-Placer, Javier, _d1892-1990 _970478 |
|
| 245 | 1 | 3 |
_aLa Clasificación Decimal _b: traducción abreviada utilizable en bibliotecas de hasta 500000 volúmenes, precedida de una introducción sobre el concepto y misión de la biblioteca en el momento actual, una reseña histórica de las principales clasificaciones científicas y la exposición del sistema / _cpor Javier Lasso de la Vega y Jiménez-Placer. |
| 260 |
_aSan Sebastián : _bEditorial Internacional, _c1942 ( _eMadrid : _fGráf. Universal) |
||
| 300 |
_aCXLIV, 385 p. ; _c23 cm. |
||
| 500 | _aÍndices. | ||
| 650 | 4 |
_aClasificación decimal. _9165439 |
|
| 852 |
_aES-MaACL _jA-1756 |
||
| 852 |
_aES-MaACL _jD-5947 |
||
| 852 |
_aES-MaACL _jG-16068 _992963 _cDEPO2 _hDonación |
||
| 942 | _2udc | ||
| 999 |
_c89675 _d89675 |
||